000 01088nam a22002652 4500
001 27734
003 BD-RjUL
005 20211209051208.0
008 140327s1961 ii a 001 0 eng d
035 _a(BD-RjUL)27813
_aOCLC ocm01219646 from D961118M
040 _aTEU
_cTEU
_dEQO
_dBD-RjUL
_beng
041 1 _aengper
082 0 4 _219
_a954.5
_bSUO 1961
100 1 _aSuri, Sohan Lal,
_d-1852.
_985147
245 1 3 _aAn outstanding original source of Panjab history :
_bUmdat-ut-tawarikh, daftar III, parts I-V : chronicle of the reign of Maharaja Ranjit Singh, 1831-1839 A.D /
_ctranslated from Persian into English with corresponding Christian dates and explanatory and elucidatory notes by V. S. Suri ; foreword by Sita Ram Kohli.
246 1 0 _aUmdat-ut-tawarikh :
_bdafter III, parts I-V
260 _aDelhi :
_bS. Chand,
_c1961.
300 _axxxiv, 724 p. :
_bill. ;
_c23 cm.
504 _aIncludes index.
651 0 _aPunjab (Pakistan)
_xHistory.
_985148
700 1 _aSuri, Vidya Sagar.
_985149
942 _2ddc
_cBK
999 _c27734
_d27734